00766nam a2200217Ia 4500008004100000020001800041040001800059041000800077060001100085100002100096245008800117260005900205300005800264490004500322504004200367650001700409650004000426650003600466650002800502700001800530130821s2008 xxua gr eng  a9780121602406 aCo-BoUCMbspa00aeng04aQT 1041 aCobelli, Claudio10aIntroduction to modeling in physiology and medicinecClaudio Cobelli y Ewart Carson aBoston (Massachusetts, Estados Unidos)bElsevierc2008 axii, 324 páginasbilustraciones, tablas, gráficos0 aAcademic press in biomedical engineering aIncluye referencias bibliográficas.04aFisiología04aFisiologíavModelos matemáticos04aMedicinavModelos matemáticos04aProcesos fisiológicos1 aCarson, Ewart